|
|
|
|
| LEADER |
01225nam a2200289 4500 |
| 001 |
DLU110129251 |
| 005 |
##20111221 |
| 040 |
# |
# |
|a DLU
|b vie
|
| 041 |
# |
# |
|a vie
|
| 044 |
# |
# |
|a vn
|
| 082 |
# |
# |
|a 370.285
|b NG-B
|
| 100 |
# |
# |
|a Nguyễn Thị Thanh Bình.
|
| 245 |
# |
# |
|a Khảo sát hiện trạng và xây dựng công cụ chuyển đổi hệ thống cơ sở dữ liệu Foxpro của Trường Đại học Đà Lạt sang hệ thống SQL Server :
|b Báo cáo đề tài khoa học /
|c Nguyễn Thị Thanh Bình, Nguyễn Thị Lương.
|
| 260 |
# |
# |
|a Đà Lạt :
|b Trường Đại học Đà lạt,
|c 2010.
|
| 300 |
# |
# |
|a 31 tr. :
|b minh hoạ ;
|c 30 cm.
|
| 504 |
# |
# |
|a Tài liệu tham khảo: tr.31.
|
| 653 |
# |
# |
|a Hệ quản trị cơ sở dữ liệu
|a Cơ sở dữ liệu
|a Hệ thống thông tin
|a Phần mềm quản lý
|a Hệ quản trị cơ sở dữ liệu SQL Server
|a Hệ quản trị cơ sở dữ liệu Foxpro
|a Quản lí giáo dục
|a Trường Đại học Đà lạt
|
| 700 |
# |
# |
|a Nguyễn Thị Lương.
|
| 992 |
# |
# |
|a 0
|
| 994 |
# |
# |
|a DLU
|
| 900 |
# |
# |
|a True
|
| 911 |
# |
# |
|a Đào Thị Thu Huyền
|
| 925 |
# |
# |
|a G
|
| 926 |
# |
# |
|a A
|
| 927 |
# |
# |
|a LA
|
| 980 |
# |
# |
|a Thư viện Trường Đại học Đà Lạt
|